[Event "CXG R.Sa mem-B"]
[Site "Rio de Janeiro"]
[Date "1999.??.??"]
[Round "1"]
[White "Cunha, Luiz Fco"]
[Black "Carvalho, Renato Luiz"]
[Result "0-1"]
[WhiteElo "2000"]
[BlackElo "2040"]

1.e4 c5 2.Nf3 d6 3.d4 cxd4 4.Nxd4 Nf6 5.Nc3 a6 6.f3 e5 7.Nb3 Be7 8.Bd3 O-O
9.O-O Be6 10.Be3 Nc6 11.Qd2 b5 12.Rad1 Qc7 13.Ne2 Rad8 14.Qc3 b4 15.Qd2 a5
16.Bb5 Na7 17.Qd3 Rb8 18.c4 Nxb5 19.cxb5 a4 20.Nd2 Rfc8 21.Rc1 Qb7 22.b6 Rc6
23.Rxc6 Qxc6 24.Rc1 Qe8 25.Rc7 Bd8 26.Qa6 Bxc7 27.bxc7 Rc8 28.Qb7 Qd7 29.Bb6 Ne8
30.Ba5 Nxc7 31.Bxb4 Bxa2 32.Nc3 Bb3 33.Nxb3 axb3 34.Ba5 g6 35.Qxb3 Qe6 36.Qxe6 fxe6
37.Bb4 d5 38.exd5 exd5 39.Bd6 d4 40.Ne4 Kf7 41.b4 Nb5 42.Ng5+ Ke8 43.Bc5 h6
44.Ne6 Kd7 45.Ng7 Rg8  0-1

[Event "Eliskases mem"]
[Site "Rio de Janeiro"]
[Date "1999.??.??"]
[Round "3"]
[White "Lima, Luiz"]
[Black "Carvalho, Renato Luiz"]
[Result "1-0"]
[WhiteElo "2000"]
[BlackElo "2040"]

1.e4 c5 2.Nf3 d6 3.d4 cxd4 4.Nxd4 Nf6 5.Nc3 a6 6.f3 g6 7.Be3 Nc6 8.Qd2 Bd7
9.O-O-O Rc8 10.h4 Bg7 11.g4 O-O 12.Kb1 Na5 13.h5 gxh5 14.g5 Ne8 15.Rxh5 Nc4
16.Bxc4 Rxc4 17.Qd3 b5 18.e5 f6 19.Qxh7+ Kf7  1-0

[Event "Rishon Le Zion"]
[Site "Rishon Le Zion"]
[Date "1999.??.??"]
[Round "6"]
[White "Ribshtein, Nati"]
[Black "Kaspi, Alexander"]
[Result "0-1"]
[WhiteElo "2300"]
[BlackElo "2510"]

1.e4 c5 2.Nf3 d6 3.d4 cxd4 4.Nxd4 Nf6 5.Nc3 a6 6.f3 e5 7.Nb3 Be6 8.Be3 Be7
9.Qd2 Nbd7 10.g4 b5 11.a4 b4 12.Nd5 Bxd5 13.exd5 O-O 14.g5 Nh5 15.O-O-O f5
16.gxf6 Rxf6 17.Kb1 Rxf3 18.Be2 Rxe3 19.Qxe3 Bg5 20.Qe4 Nf4 21.Bd3 Nxd3 22.Qxd3 a5
23.Rhf1 Nf6 24.Qf5 Bh6 25.Nd2 Bxd2 26.Rxd2 Qe7 27.Qd3 Nh5 28.Qb5 Nf4 29.Rdf2 Qf6
30.Qb7 Rf8 31.Rf3 Qd8 32.c3 bxc3 33.Rxc3 Qf6 34.Ka2 h6 35.Rc8 Rxc8 36.Qxc8+ Kh7
37.Qc2+ Kg8 38.Qd2 Qh4 39.Rc1 Qg4 40.Qxa5 Nd3 41.Rc3 Qe2 42.Qb5 e4 43.Rc4 Kh7
44.Rc7 Qd2 45.Qb7 Qg5  0-1

[Event "Schwarzach op-B"]
[Site "Schwarzach"]
[Date "1999.??.??"]
[Round "2"]
[White "Marchhart, Matthias"]
[Black "Kainz, Josef"]
[Result "1/2-1/2"]
[WhiteElo "1705"]
[BlackElo "1835"]

1.e4 c5 2.Nf3 d6 3.d4 cxd4 4.Nxd4 Nf6 5.Nc3 a6 6.f3 e5 7.Nb3 Nh5 8.Be3 Be6
9.Nd5 Nd7 10.Be2 Nhf6 11.c4 Rc8 12.Rc1 Be7 13.O-O O-O 14.Qe1 Bxd5 15.cxd5 Rxc1
16.Qxc1 Re8 17.Qc3 Bf8 18.Na5 Qc8 19.Rc1 Qxc3 20.Rxc3 b6 21.Nb7 b5 22.Rc6 Nb8
23.Nxd6 Nxc6 24.Nxe8 Nxe8 25.dxc6 Bd6 26.a4 Nc7 27.axb5 axb5 28.Bb6 b4 29.Kf2 Kf8
30.Ke3 Ne6 31.Bc4 Nc7 32.Kd3 Ke7 33.Bd5 f6 34.Kc4 h6 35.Bxc7 Bxc7 36.Kxb4 Kd6
37.Kb5 Bd8 38.Ka6 Kc7 39.b4 Be7 40.b5 Bc5 41.Ka5 Bg1 42.g4 g5 43.h3 Bf2 44.Kb4 Kb6
45.Bf7 Kc7 46.Kc4 Kd6 47.c7 Kxc7 48.Kd5 Kd7 49.Be6+ Kc7 50.Bf5 Bg3 51.Ke6 Kb6
52.Kxf6 Kxb5 53.Kg6 Kc5 54.Kxh6 Bf4 55.Kh5 Kd6 56.h4 gxh4 57.Kxh4 Ke7 58.g5 Kf8
59.Bh7 Kg7 60.g6 Bh6 61.Kg4 Bf4 62.Kf5 Bh2  1/2-1/2

[Event "Sportland-NRW-Cup"]
[Site "Senden"]
[Date "1999.??.??"]
[Round "8"]
[White "Meier, Jan"]
[Black "Caravan, Mariana"]
[Result "0-1"]
[WhiteElo "1750"]
[BlackElo "2125"]

1.e4 c5 2.Nf3 d6 3.d4 Nf6 4.Nc3 cxd4 5.Nxd4 a6 6.f3 e6 7.Be3 b5 8.Qd2 Bb7
9.O-O-O Nbd7 10.g4 Nb6 11.Bd3 b4 12.Nce2 d5 13.e5 Nfd7 14.f4 Nc4 15.Bxc4 dxc4
16.Rhg1 Rc8 17.c3 Nc5 18.Kb1 b3 19.a3 Ne4 20.Qc1 Qa5 21.h4 Bd5 22.f5 Rb8
23.fxe6 fxe6 24.Rdf1 Bxa3 25.bxa3 b2 26.Qe1 Qxa3 27.Nc2 Qa5 28.Bd4 Nd2+ 29.Qxd2 Be4
30.Be3 Qa1+  0-1

[Event "Sportland-NRW-Cup"]
[Site "Senden"]
[Date "1999.??.??"]
[Round "9"]
[White "Koscielski, Janusch"]
[Black "Jacob, Gunnar"]
[Result "1/2-1/2"]
[WhiteElo "2310"]
[BlackElo "2185"]

1.e4 c5 2.Nf3 d6 3.d4 cxd4 4.Nxd4 Nf6 5.Nc3 a6 6.f3 e5 7.Nb3 Be6 8.Be3 Be7
9.Qd2 d5 10.exd5 Nxd5 11.Nxd5 Qxd5 12.Qxd5 Bxd5 13.O-O-O Be6 14.Nc5 Bxc5
15.Bxc5 Nd7 16.Bd6 f6 17.Bd3 Kf7 18.Be4 Ra7 19.b3 Rc8 20.h4 h5 21.Rhe1 Nc5
22.Bxc5 Rxc5 23.Rd8 f5 24.Bd3 g6 25.Kb2 Ke7 26.Rh8 Kf6 27.a4 b6 28.Rf8+ Bf7
29.Rd1 Ke7 30.Rb8 Rc6 31.Be2 Rac7 32.Rd2 a5 33.Bb5 Rf6 34.Re2 Re6 35.Bc4 Rec6
36.Bb5 Re6 37.Ba6 Kf6 38.Bc4 Rd6 39.Rf8 Rdd7 40.Kc1 Rc5 41.Rd2 Rcc7 42.Rxd7 Rxd7
43.Bxf7 Rxf7 44.Rb8 e4 45.f4 Re7 46.Rxb6+ Re6 47.Rb5 e3 48.Kd1 Rd6+ 49.Ke2 Rd2+
50.Kxe3 Rxc2 51.Kd3 Rxg2 52.Rxa5 Rg3+ 53.Kc4 Rf3 54.Ra6+ Kf7 55.Rc6 Rxf4+
56.Kb5 Rxh4 57.a5 Rh3 58.Kb4 Rh1 59.a6 Ra1 60.Kb5 f4 61.Rc7+ Ke6 62.Rc4 g5
63.Ra4 Rxa4 64.Kxa4 f3 65.a7 f2 66.a8=Q f1=Q 67.Qe8+ Kd6  1/2-1/2

[Event "White Nights op"]
[Site "St Petersburg"]
[Date "1999.??.??"]
[Round "3"]
[White "Vorobiov, Evgeny E"]
[Black "Drouzinina, Olga"]
[Result "1-0"]
[WhiteElo "2477"]
[BlackElo "2252"]

1.e4 c5 2.Nf3 d6 3.d4 cxd4 4.Nxd4 Nf6 5.Nc3 a6 6.f3 e5 7.Nb3 Be6 8.Be3 Be7
9.Qd2 Nbd7 10.g4 h6 11.O-O-O b5 12.h4 Nb6 13.Qf2 Nfd7 14.Kb1 Rc8 15.Nd5 Bxd5
16.exd5 Nc4 17.Bc1 a5 18.f4 a4 19.Nd2 Qc7 20.Nxc4 bxc4 21.Rh3 Qb7 22.Ra3 Qb5
23.Qa7 Bxh4 24.Rxa4 Bg3 25.Rxc4 Qb8 26.Rxc8+ Qxc8 27.Bb5 exf4 28.Rd3 Kd8
29.Rc3 Nc5 30.Rxc5 dxc5 31.d6  1-0

[Event "SWZ-chT"]
[Site "SWZ"]
[Date "1999.??.??"]
[Round "3"]
[White "Kaufmann, Werner"]
[Black "Vegh, Jean Pierre"]
[Result "0-1"]
[WhiteElo "2297"]
[BlackElo "2235"]

1.e4 c5 2.Nf3 d6 3.d4 cxd4 4.Nxd4 Nf6 5.Nc3 a6 6.f3 e6 7.Be3 b5 8.Qd2 Nbd7
9.g4 h6 10.h4 Bb7 11.Rg1 Ne5 12.g5 hxg5 13.hxg5 Nfd7 14.f4 Nc6 15.g6 Nxd4
16.gxf7+ Kxf7 17.Bxd4 b4 18.f5 bxc3 19.fxe6+ Kg8 20.Qf2 Rh7 21.exd7 Qxd7
22.Bxc3 Bxe4 23.O-O-O d5 24.Bd3 Qe6 25.Rge1 Re8 26.Qd4 Qc6 27.Bxe4 dxe4 28.Rh1 Rxh1
29.Rxh1 Qe6 30.b3 Rc8 31.Kb2 Rc7 32.Qd8 Rxc3 33.Kxc3 Qe5+ 34.Qd4 Bb4+ 35.Kc4 Qb5+  0-1

[Event "VII Anibal Open"]
[Site "Linares ESP"]
[Date "2000.01.08"]
[Round "2"]
[White "Shabalov,A"]
[Black "Touzane,O"]
[Result "1/2-1/2"]
[WhiteElo "2566"]
[BlackElo "2348"]

1.e4 c5 2.Nf3 d6 3.d4 cxd4 4.Nxd4 Nf6 5.Nc3 a6 6.f3 e5 7.Nb3 Be6 8.Be3 Nbd7
9.Qd2 b5 10.g4 h6 11.O-O-O b4 12.Nd5 Bxd5 13.exd5 Nb6 14.Bxb6 Qxb6 15.h4 a5
16.Qe2 Be7 17.Qb5+ Qxb5 18.Bxb5+ Kd8 19.Kb1 Kc7 20.Bc6 Ra6 21.Rhe1 Nd7 22.h5 Bg5
23.Bb5 Ra7 24.Re4 Nb6 25.Rd3 Kb8 26.Bc6 f5 27.gxf5 Rf8 28.c3 bxc3 29.Rxc3 Rxf5
30.a4 Bd8 31.Nd2 Rxh5 32.Re1 e4 33.Rb3 exf3 34.Re8 Kc7 35.Rf8 Nxd5 36.Bxd5 Rxd5
37.Rf7+ Kc6 38.Rxa7 f2 39.Ra6+ Kd7 40.Ra7+ Kc6 41.Ra6+ Kd7 42.Ra7+  1/2-1/2

[Event "VII Anibal Open"]
[Site "Linares ESP"]
[Date "2000.01.13"]
[Round "7"]
[White "Yagupov,I"]
[Black "Rashkovsky,N"]
[Result "1/2-1/2"]
[WhiteElo "2449"]
[BlackElo "2513"]

1.e4 c5 2.Nf3 d6 3.d4 cxd4 4.Nxd4 Nf6 5.Nc3 a6 6.f3 e5 7.Nb3 h5 8.Be3 Be7
9.a4 Be6 10.a5 Nbd7 11.Nd5 Nxd5 12.exd5 Bf5 13.Qd2 Rc8 14.c4 Bh4+ 15.g3 Bf6
16.Be2 e4 17.f4 Bh3 18.Kf2 g6 19.Rac1 O-O 20.Rhd1 Re8 21.Na1 Bg7 22.b4 Nf6
23.Kg1 Ng4 24.Bd4 Bxd4+ 25.Qxd4 Nh6 26.Nc2 Nf5 27.Qc3 b6 28.axb6 Qxb6+ 29.Nd4 a5
30.c5 Qxb4 31.Qxb4 axb4 32.c6 Ne3 33.Rd2 Nxd5 34.Nb5 Ne3 35.Nc3 bxc3 36.Rxd6 Re6
37.Rxe6 Bxe6 38.Rxc3 Rc7 39.Kf2 Kf8 40.Kxe3 Ke7 41.Kxe4 Kd6 42.Kd4 Bd5 43.Bb5 Bg2
44.h4 Bh1 45.Rc5 f6 46.Bd3 Bxc6 47.Bxg6 Rg7 48.f5 Re7 49.Rc3 Re4+ 50.Kd3 Re5
51.Kd2 Be4 52.Bxh5 Bxf5 53.Bf3 Bg6 54.Rc6+ Ke7 55.Rc7+ Kf8 56.g4 Re7 57.Rc3 Kg7
58.Be2 Bf7 59.Rg3 Be8 60.Rb3 Bg6 61.Rb4 Bf7 62.Bf3 Bg6 63.Rf4 Bh7 64.Ra4 Bg6
65.Rd4 Bf7 66.Rd6 Be8 67.Rb6 Bf7 68.Rb4 Bg6 69.Rf4 Be8 70.Bd1 Bg6 71.Be2 Be8
72.Bf3 Bg6  1/2-1/2

[Event "V Ubeda Open"]
[Site "Ubeda ESP"]
[Date "2000.01.25"]
[Round "7"]
[White "Yagupov,I"]
[Black "Rashkovsky,N"]
[Result "1/2-1/2"]
[WhiteElo "2482"]
[BlackElo "2523"]

1.e4 c5 2.Nf3 d6 3.d4 cxd4 4.Nxd4 Nf6 5.Nc3 a6 6.f3 e5 7.Nb3 h5 8.Be3 Be6
9.Qd2 Nbd7 10.O-O-O Rc8 11.Kb1 Be7 12.Nd5 Bxd5 13.exd5 Nb6 14.Bxb6 Qxb6 15.Bd3 O-O
16.Rhe1 Bd8 17.f4 exf4 18.Qxf4 g6 19.h3 Nd7 20.g4 h4 21.Bf5 Rc7 22.Bxd7 Rxd7
23.g5 Re7 24.Qxh4 Rfe8 25.Rxe7 Rxe7 26.Qf4 Re5 27.h4 Qe3 28.Qb4 Qf3 29.Kc1 Rxd5
30.Nd2 Ba5 31.Nxf3 Rxd1+ 32.Kxd1 Bxb4 33.Ke2 Bc5 34.Kd3 Bf2 35.Ke4 Bg3 36.Kd5 Kf8
37.c4 Ke7 38.b3 Bf4  1/2-1/2

[Event "V Ubeda Open"]
[Site "Ubeda ESP"]
[Date "2000.01.26"]
[Round "8"]
[White "Korneev,O"]
[Black "Roeder,M"]
[Result "1-0"]
[WhiteElo "2619"]
[BlackElo "2413"]

1.e4 c5 2.Nf3 d6 3.d4 cxd4 4.Nxd4 Nf6 5.Nc3 a6 6.f3 e5 7.Nb3 Be6 8.Be3 Be7
9.Qd2 O-O 10.O-O-O b5 11.g4 b4 12.Nd5 Bxd5 13.exd5 a5 14.Kb1 Qc7 15.g5 Nfd7
16.h4 Nb6 17.h5 f5 18.h6 g6 19.Nc5 f4 20.Bf2 Rc8 21.Bb5 N6d7 22.Ne4 Qb7 23.Qd3 a4
24.Rc1 Ra5 25.c4 bxc3 26.Rxc3 Rxc3 27.Nxc3 Bxg5 28.Bxa4 Bf6 29.Bb3 Na6 30.Ne4 Ndc5
31.Nxf6+ Kf7 32.Bxc5 Nxc5 33.Ne4 Nxd3 34.Nxd6+ Ke7 35.Nxb7 Ra7 36.Rd1 e4
37.fxe4 Rxb7 38.Rxd3 Kd6 39.e5+ Kxe5 40.d6 Rd7 41.Ba4 Rxd6 42.Rxd6  1-0

[Event "FSGM January"]
[Site "Budapest HUN"]
[Date "2000.02.05"]
[Round "1"]
[White "Ribshtein,N"]
[Black "Szabo,Zso2"]
[Result "1-0"]
[WhiteElo "2362"]
[BlackElo "2429"]

1.e4 c5 2.Nf3 d6 3.d4 cxd4 4.Nxd4 Nf6 5.Nc3 a6 6.f3 e5 7.Nb3 Be6 8.Be3 Nbd7
9.g4 h6 10.Qd2 Be7 11.O-O-O b5 12.h4 Nb6 13.Qf2 Nc4 14.Bxc4 bxc4 15.Nc5 Bc8
16.g5 Nh5 17.gxh6 g6 18.N5a4 Rb8 19.Ba7 Rb4 20.a3 Rxa4 21.Nxa4 O-O 22.Nc3 Bb7
23.Be3 Qc7 24.Qd2 Rb8 25.Ne2 Bc6 26.Bg5 Bf8 27.Qc3 Qb7 28.Rhg1 d5 29.exd5 Bxd5
30.Rgf1 f6 31.Bd2 Kh7 32.f4 Bg2 33.Rfe1 e4 34.Nd4 f5 35.Rg1 Bc5 36.Rxg2 e3
37.Bxe3 Qxg2 38.Qxc4 Rc8 39.Qf7+ Kh8 40.Qd7  1-0

[Event "Petroff Mem Open"]
[Site "St Petersburg RUS"]
[Date "2000.02.07"]
[Round "1"]
[White "Kashtanov,R"]
[Black "Popov,Val"]
[Result "0-1"]
[WhiteElo "2325"]
[BlackElo "2534"]

1.e4 c5 2.Nf3 d6 3.d4 Nf6 4.Nc3 cxd4 5.Nxd4 a6 6.f3 e5 7.Nb3 Be6 8.Be3 Be7
9.Qd2 h5 10.a4 Nbd7 11.a5 Rc8 12.Be2 Qc7 13.O-O O-O 14.Rfd1 Rfd8 15.Qe1 Qc6
16.Rac1 d5 17.exd5 Nxd5 18.Nxd5 Bxd5 19.c4 Be6 20.Qc3 h4 21.f4 h3 22.Bf3 Qxc4
23.Rxd7 Rxd7 24.Qxe5 Bf6 25.Rxc4 Bxc4 26.Qh5 Bxb3 27.Bg4 Rd5 28.Qxh3 Rc2
29.Qf3 Rxa5 30.h3 Bd5 31.Qd1 Rxg2+ 32.Kf1 Rh2 33.Qe1 Ra2 34.Qd1 Bg2+ 35.Ke2 Be4+
36.Bf2 Rxb2+ 37.Ke3 Bc6 38.Be1 Rh1  0-1

[Event "Petroff Mem Open"]
[Site "St Petersburg RUS"]
[Date "2000.02.09"]
[Round "3"]
[White "Melnikov,D"]
[Black "Neverov,V"]
[Result "0-1"]
[WhiteElo "2185"]
[BlackElo "2541"]

1.e4 c5 2.Nf3 d6 3.Nc3 a6 4.d4 cxd4 5.Nxd4 Nf6 6.f3 e5 7.Nb3 Be6 8.Be3 Be7
9.Qd2 O-O 10.O-O-O a5 11.Kb1 a4 12.Nc1 a3 13.b3 Nc6 14.g4 Nd4 15.Bxd4 exd4
16.Qxd4 Qa5 17.Nb5 d5 18.g5 Nh5 19.exd5 Bxd5 20.Qxd5 Rfd8 21.Nd6 Rxd6 22.Qxa5 Rxa5
23.Rxd6 Bxd6 24.Bc4 Rxg5 25.Rd1 Rg6 26.Ne2 Kf8 27.c3 Bxh2 28.Rd7 Rf6 29.Rxb7 Rxf3
30.b4 g5 31.b5 Ng3 32.Nd4 Rf2 33.b6 Ne4 34.Rc7 Nxc3+ 35.Ka1 Be5 36.Rc8+ Kg7
37.b7 Rb2 38.Nf5+ Kf6  0-1

[Event "Petroff Mem Open"]
[Site "St Petersburg RUS"]
[Date "2000.02.10"]
[Round "4"]
[White "Vorobiov,E"]
[Black "Veliev,G"]
[Result "1-0"]
[WhiteElo "2500"]
[BlackElo "2318"]

1.e4 c5 2.Nf3 d6 3.d4 cxd4 4.Nxd4 Nf6 5.Nc3 a6 6.f3 e6 7.Be3 Be7 8.Qd2 Qc7
9.g4 Nc6 10.O-O-O b5 11.Nxc6 Qxc6 12.h4 Bb7 13.Ne2 Qc7 14.Nd4 Rc8 15.Kb1 d5
16.e5 Nd7 17.f4 Nc5 18.Bd3 Ne4 19.Qh2 Bc5 20.f5 Qb6 21.Rhf1 O-O 22.Bxe4 dxe4
23.Qf4 Qc7 24.f6 gxf6 25.Qxf6 Be7 26.Qh6 Qxe5 27.Nf5 Qf6 28.Nxe7+ Qxe7 29.Bg5 f6
30.Bxf6 Qf7 31.Rd7  1-0

[Event "Petroff Mem Open"]
[Site "St Petersburg RUS"]
[Date "2000.02.10"]
[Round "4"]
[White "Lastin,A"]
[Black "Kokorev,D"]
[Result "1-0"]
[WhiteElo "2510"]
[BlackElo "2370"]

1.e4 c5 2.Nf3 d6 3.d4 cxd4 4.Nxd4 Nf6 5.Nc3 a6 6.f3 e5 7.Nb3 Be6 8.Be3 Be7
9.Qd2 Nbd7 10.g4 h6 11.O-O-O b5 12.h4 Nb6 13.Qf2 Rb8 14.Nc5 b4 15.Nb1 a5
16.Nxe6 fxe6 17.Bb5+ Nfd7 18.g5 h5 19.Qg2 Qc8 20.Qh3 Qxc2+ 21.Kxc2  1-0

[Event "Goodricke Open"]
[Site "Calcutta IND"]
[Date "2000.02.12"]
[Round "7"]
[White "Saptarshi,R"]
[Black "Mithrakanth,P"]
[Result "1/2-1/2"]
[WhiteElo "2107"]
[BlackElo "2338"]

1.e4 c5 2.Nf3 d6 3.d4 cxd4 4.Nxd4 Nf6 5.Nc3 a6 6.Be3 Ng4 7.Bc1 Nf6 8.f3 Nc6
9.Be3 e6 10.Qd2 Be7 11.g4 h6 12.O-O-O Nxd4 13.Bxd4 e5 14.Be3 Be6 15.h4 Rc8
16.Rg1 Qa5 17.g5 hxg5 18.hxg5 Nd7 19.a3 Nb6 20.Nb5 Qxd2+ 21.Rxd2 axb5 22.Bxb6 Bc4
23.Be3 g6 24.Kd1 Rh5 25.Bd3 Kd7 26.b3 Bxd3 27.Rxd3 Ra8 28.b4 Rah8 29.f4 Rh1
30.Rxh1 Rxh1+ 31.Ke2 Rh2+ 32.Kf3 exf4 33.Bxf4 Rxc2 34.e5 d5 35.Rxd5+ Kc6
36.Rd3 Rc4 37.Ke3 Rc2 38.Kf3 Rc4  1/2-1/2

[Event "Petroff Mem Open"]
[Site "St Petersburg RUS"]
[Date "2000.02.14"]
[Round "7"]
[White "Sergeev,Ve"]
[Black "Pavlov,Al"]
[Result "1-0"]
[WhiteElo "2425"]
[BlackElo "2311"]

1.e4 c5 2.Nf3 d6 3.d4 cxd4 4.Nxd4 Nf6 5.Nc3 a6 6.f3 e6 7.Be3 b5 8.g4 h6 9.Qd2 Bb7
10.O-O-O Nbd7 11.h4 Rc8 12.Bh3 Ne5 13.g5 b4 14.Na4 Qa5 15.b3 Nfd7 16.Kb1 Nc4
17.bxc4 Qxa4 18.g6 fxg6 19.Bxe6 Rc7 20.Qg2 g5 21.hxg5 Ne5 22.f4 Nxc4 23.Bxc4 Rxc4
24.gxh6 Qd7 25.Qg6+ Qf7 26.hxg7 Bxg7 27.Rxh8+ Bxh8 28.Qxd6 Bxd4 29.Bxd4 Bxe4
30.Qb8+ Ke7 31.Bc5+ Kf6 32.Qh8+ Kf5 33.Qh3+  1-0

[Event "Petroff Mem Open"]
[Site "St Petersburg RUS"]
[Date "2000.02.14"]
[Round "7"]
[White "Barbitskij,A"]
[Black "Tarasov,M"]
[Result "1/2-1/2"]
[WhiteElo "2284"]
[BlackElo "2401"]

1.e4 c5 2.Nf3 d6 3.d4 cxd4 4.Nxd4 Nf6 5.Nc3 a6 6.f3 e5 7.Nb3 Be6 8.Be3 Be7
9.Qd2 Nbd7 10.O-O-O Rc8 11.Qf2 Qc7 12.g4 Nc5 13.Nxc5 dxc5 14.g5 Nd7 15.Nd5 Bxd5
16.Rxd5 Nb6 17.Rd2 O-O 18.h4 Rcd8 19.h5 Rxd2 20.Qxd2 Rd8 21.Qf2 Qd6 22.Be2 Qe6
23.b3 Qd6 24.Kb1 Nd7 25.Rd1 Qc7 26.g6 b5 27.gxf7+ Kxf7 28.f4 Nf6 29.Qf3 Rxd1+
30.Bxd1 exf4 31.Bxf4 Bd6 32.Be3 Be5 33.Bf2 c4 34.Qe3 Qd6 35.Qa7+ Ke8 36.Qa8+ Ke7
37.Qb7+ Qd7 38.Bc5+ Ke8 39.Qa8+ Qd8 40.Qxd8+ Kxd8 41.bxc4 bxc4 42.Bf3 Kc7
43.Bb4 Kb6 44.Be7 c3 45.Bxf6 Bxf6 46.e5 Bxe5 47.Be4 h6 48.Kc1 Kc5 49.Bd3 a5
50.a4 Kd4 51.Kd1 Ke3 52.Ke1 Kf3 53.Kf1 Kg4 54.Bg6 Kf3 55.Kg1 Bf4 56.Kh1 Kg3
57.Kg1 Kf3 58.Kh1 Kf2 59.Bd3  1/2-1/2

[Event "Petroff Mem Open"]
[Site "St Petersburg RUS"]
[Date "2000.02.15"]
[Round "8"]
[White "Vorobiov,E"]
[Black "Vaulin,A"]
[Result "0-1"]
[WhiteElo "2500"]
[BlackElo "2540"]

1.e4 c5 2.Nf3 d6 3.d4 cxd4 4.Nxd4 Nf6 5.Nc3 a6 6.f3 e5 7.Nb3 Be7 8.Be3 Be6
9.Qd2 O-O 10.O-O-O b5 11.g4 b4 12.Nd5 Bxd5 13.exd5 a5 14.Kb1 Qc7 15.g5 Nfd7
16.h4 Nb6 17.Nc5 a4 18.g6 hxg6 19.h5 g5 20.Bxg5 dxc5 21.h6 Bxg5 22.Qxg5 f6
23.Qh5 g5 24.Qg6+ Kh8 25.Bd3 Qf7 26.Qg7+ Qxg7 27.hxg7+ Kxg7 28.Rh7+ Kg8 29.Bf5 Rf7
30.Rh6 N8d7 31.d6 Nf8 32.Rdh1 Rd8 33.Be6 Rxd6  0-1

[Event "Petroff Mem Open"]
[Site "St Petersburg RUS"]
[Date "2000.02.15"]
[Round "8"]
[White "Salinnikov,D"]
[Black "Loginov,Va"]
[Result "1-0"]
[WhiteElo "2403"]
[BlackElo "2512"]

1.e4 c5 2.Nf3 d6 3.d4 cxd4 4.Nxd4 Nf6 5.Nc3 a6 6.f3 e5 7.Nb3 Be6 8.Be3 Be7
9.Qd2 O-O 10.O-O-O a5 11.Kb1 a4 12.Nc1 a3 13.b3 Qa5 14.g4 d5 15.Nxd5 Nxd5
16.exd5 Bxd5 17.Qxd5 Qc3 18.Nd3 Rc8 19.Rc1 Bf6 20.Qe4 Rd8 21.Qc4 Rxd3 22.Qxc3 Rxc3
23.Bd3 Nc6 24.Bd2 Rc5 25.Be4 Rd8 26.Rhd1 Kf8 27.c4 Ke8 28.b4 Rxd2 29.Rxd2 Nxb4
30.Rc3 b5 31.Rxa3 Bg5 32.Ra8+ Ke7 33.Ra7+ Ke8 34.Rdd7 bxc4 35.Rdc7 Rb5 36.a4 Rb8
37.Rab7 Rxb7 38.Rxb7 Bd2 39.a5 c3 40.Bc2 Nc6 41.Ba4  1-0

[Event "Petroff Mem Open"]
[Site "St Petersburg RUS"]
[Date "2000.02.15"]
[Round "8"]
[White "Solovjov,S"]
[Black "Pavlov,Al"]
[Result "0-1"]
[WhiteElo "2449"]
[BlackElo "2311"]

1.e4 c5 2.Nf3 d6 3.d4 cxd4 4.Nxd4 Nf6 5.Nc3 a6 6.Be3 Ng4 7.Bc1 Nf6 8.f3 e6
9.Be3 b5 10.Qd2 Bb7 11.O-O-O Nbd7 12.g4 h6 13.h4 b4 14.Na4 d5 15.Bh3 Ne5
16.g5 Nfd7 17.g6 Nxg6 18.f4 Qa5 19.b3 Nf6 20.exd5 Bxd5 21.f5 Nxh4 22.fxe6 Be7
23.Qf2 g5 24.Nf5 Nxf5 25.Qxf5 Rc8 26.Rhf1 Rc6 27.Bd4 Qc7 28.Bxf6 Bxe6 29.Qe4 Bxh3
30.Bxe7 Re6 31.Qa8+ Kxe7 32.Rxf7+ Kxf7 33.Qxh8 Bf5 34.c4 Qf4+ 35.Kb2 Re2+
36.Ka1 Qf2 37.Nb2 Re1 38.Qd8 Rxd1+ 39.Qxd1 Qc2 40.Qd5+ Kg6 41.Qc6+ Kh5 42.Qh1+ Kg4
43.Qg1+ Kf3 44.Qh1+ Kf4 45.Qf1+ Ke5 46.Qe1+ Kf6 47.Qh1 h5 48.Qc6+ Ke5 49.Qd5+ Kf4
50.Qd4+ Kf3 51.Qg1 g4 52.c5 g3 53.c6 Qb1+ 54.Qxb1 Bxb1  0-1

[Event "8th Valle d'Aosta Open"]
[Site "Saint Vincent ITA"]
[Date "2000.02.18"]
[Round "7"]
[White "Mrdja,M"]
[Black "Vera,R"]
[Result "0-1"]
[WhiteElo "2425"]
[BlackElo "2546"]

1.e4 c5 2.Nf3 d6 3.d4 cxd4 4.Nxd4 Nf6 5.Nc3 a6 6.f3 e6 7.Be3 b5 8.Qd2 Bb7
9.g4 h6 10.O-O-O Nbd7 11.h4 b4 12.Na4 Qa5 13.b3 Nc5 14.a3 Nxa4 15.axb4 Qc7
16.bxa4 d5 17.e5 Nd7 18.f4 Nb6 19.f5 Nc4 20.Bxc4 dxc4 21.fxe6 c3 22.exf7+ Kxf7
23.Rhf1+ Kg8 24.Qd3 Bxb4 25.Ne6 Qxe5 26.Nxg7 Rb8 27.Rde1 Be4 28.Qc4+ Bd5
29.Qd4 Qxd4 30.Bxd4 Bc4 31.Kd1 Ba5 32.Kc1 Bb4 33.Kd1 Ba3  0-1

[Event "Masters KO"]
[Site "Cannes FRA"]
[Date "2000.02.19"]
[Round "1.1"]
[White "David,Alb"]
[Black "Touzane,O"]
[Result "0-1"]
[WhiteElo "2520"]
[BlackElo "2384"]

1.e4 c5 2.Nf3 d6 3.d4 cxd4 4.Nxd4 Nf6 5.Nc3 a6 6.Be3 Ng4 7.Bc1 Nf6 8.f3 e5
9.Nb3 Be6 10.Be3 Nbd7 11.g4 h6 12.Qd2 b5 13.O-O-O b4 14.Nd5 Bxd5 15.exd5 Nb6
16.Bxb6 Qxb6 17.Kb1 Be7 18.h4 a5 19.Bc4 a4 20.Nc1 O-O 21.Rhg1 Rfc8 22.Qd3 e4
23.Qd4 Qxd4 24.Rxd4 Bd8 25.Be2 Bb6 26.Rgd1 Bxd4 27.Rxd4 exf3 28.Bxf3 Rab8
29.b3 axb3 30.axb3 Rc5 31.Nd3 Rcb5 32.g5 hxg5 33.hxg5 Nd7 34.Bg4 Ne5 35.Nxe5 dxe5
36.Rd1 Rd8 37.Bf3 Rd6 38.Be4 Ra5 39.Rd3 Rc5 40.Kb2  0-1

[Event "ch-YUG (women) qualifier"]
[Site "Kragujevac YUG"]
[Date "2000.02.22"]
[Round "4"]
[White "Stankovic,M"]
[Black "Zivkovic,Ves"]
[Result "1/2-1/2"]
[WhiteElo "2207"]
[BlackElo "2192"]

1.e4 c5 2.Nf3 d6 3.d4 cxd4 4.Nxd4 Nf6 5.Nc3 a6 6.f3 e5 7.Nb3 Be6 8.Be3 Nbd7
9.Qd2 Be7 10.g4 b5 11.O-O-O O-O 12.g5 Nh5 13.Nd5 Bxd5 14.exd5 Nb6 15.Na5 Qc7
16.Nc6 Rfe8 17.Nxe7+ Rxe7 18.Kb1 Nc4 19.Bxc4 Qxc4 20.Rhg1 Rc8 21.Rg4 Qc7
22.Rc1 Qb7 23.Qd3 g6 24.Rb4 Nf4 25.Bxf4 exf4 26.Rxf4 Re5 27.h4 Rxd5  1/2-1/2

[Event "Estonian Club Cup 1st leg"]
[Site "Tallinn EST"]
[Date "2000.02.25"]
[Round "?"]
[White "Leito,P"]
[Black "Sergejev,R"]
[Result "1/2-1/2"]
[WhiteElo "2377"]
[BlackElo "2377"]

1.e4 c5 2.Nf3 d6 3.d4 cxd4 4.Nxd4 Nf6 5.Nc3 a6 6.f3 Qb6 7.Nb3 Nc6 8.Bd3 g6
9.Qe2 Bg7 10.Be3 Qc7 11.Qd2 h5 12.O-O Ne5 13.Bd4 Be6 14.f4 Nc6 15.Bxf6 Bxf6
16.f5 Bxb3 17.axb3 Bxc3 18.Qxc3 O-O 19.Bc4 Qb6+ 20.Kh1 Ne5 21.fxg6 Nxg6 22.Qf3 Kg7
23.Bxf7 Qc5 24.Rad1 Qxc2 25.Qf5 Qxg2+ 26.Kxg2 Nh4+ 27.Kg3 Nxf5+ 28.Rxf5 Rxf7
29.Rxh5 Raf8 30.Rg5+ Kh6 31.Rg4 Rf3+ 32.Kg2 Rxb3 33.Kh1 Rh3 34.Rdg1 Rf7 35.e5 dxe5
36.Rg6+ Kh7 37.Rb6 e4 38.Rxb7 e3 39.Rb4 Rf2 40.Rg2 Rf1+ 41.Rg1  1/2-1/2

[Event "NED-chT"]
[Site "Hengelo NED"]
[Date "2000.02.26"]
[Round "3"]
[White "Feigin,Mi"]
[Black "Van Wely,L"]
[Result "1/2-1/2"]
[WhiteElo "2497"]
[BlackElo "2646"]

1.e4 c5 2.Nf3 d6 3.d4 cxd4 4.Nxd4 Nf6 5.Nc3 a6 6.f3 e6 7.Be3 b5 8.Qd2 Nbd7
9.g4 h6 10.O-O-O Bb7 11.Kb1 Ne5 12.h4 Nfd7 13.Rg1 Rc8 14.g5 hxg5 15.hxg5 g6
16.f4 b4 17.Na4 Nc4 18.Bxc4 Rxc4 19.Qd3 Rc8 20.f5 Qa5 21.fxe6 Qxa4 22.b3 Qa5
23.exd7+ Kxd7 24.Bf4 Rc3 25.Qe2 Rh4 26.Rgf1 Ke8 27.Qf2 Rh7 28.Rde1 Rc5 29.Re2 Kd7
30.Rd1 Kc8 31.Qg3 Qc7 32.e5 dxe5 33.Bxe5 Qd7 34.Rd3 Rd5 35.c3 Rh1+ 36.Kb2 Rc5
37.c4 Ba8 38.Nb5 Qf5 39.Red2 Qxe5+ 40.Qxe5 Rxe5 41.Rd8+ Kb7 42.Rxf8 axb5
43.cxb5 Rhe1 44.a4 bxa3+ 45.Kxa3 Kb6 46.Rxa8 Ra1+ 47.Ra2 Rxa2+ 48.Kxa2 Rxg5
49.Ra6+ Kxb5 50.Rf6 Kb4 51.Rf4+ Kc3 52.Rf3+ Kc2 53.Rf2+ Kc3 54.Rf3+ Kc2 55.Rf2+ Kc3  1/2-1/2

[Event "3rd Open"]
[Site "Malaga ESP"]
[Date "2000.03.01"]
[Round "6"]
[White "Kolev,At"]
[Black "Herrera,I"]
[Result "1-0"]
[WhiteElo "2548"]
[BlackElo "2472"]

1.e4 c5 2.Nf3 d6 3.d4 cxd4 4.Nxd4 Nf6 5.Nc3 a6 6.f3 e5 7.Nb3 Be7 8.Be3 O-O
9.Qd2 Be6 10.O-O-O b5 11.g4 b4 12.Nd5 Bxd5 13.exd5 a5 14.Kb1 Qc7 15.g5 Nfd7
16.h4 Nb6 17.h5 a4 18.Nc1 Nc4 19.Bxc4 Qxc4 20.Rhg1 Na6 21.g6 fxg6 22.hxg6 hxg6
23.Rxg6 Rf7 24.Rh1 b3 25.axb3 axb3 26.cxb3 Qc8 27.Re6 Bf8 28.Qh2 Rb7 29.Qh7+ Kf7
30.Qg6+ Kg8 31.Rf6  1-0

[Event "Oz.com qualifier blitz"]
[Site "Internet ICC"]
[Date "2000.03.05"]
[Round "3"]
[White "Landenbergue,C"]
[Black "Gorodetskij,I"]
[Result "1-0"]
[WhiteElo "2406"]
[BlackElo "2250"]

1.e4 c5 2.Nf3 d6 3.d4 cxd4 4.Nxd4 Nf6 5.Nc3 a6 6.f3 e5 7.Nb3 Be6 8.Be3 Nbd7
9.Qd2 b5 10.O-O-O Nb6 11.Kb1 Nc4 12.Bxc4 bxc4 13.Nc1 Be7 14.Bg5 O-O 15.Bxf6 Bxf6
16.Qxd6 Qa5 17.Nd5 Rab8 18.Ne2 Rfd8 19.Qc7 Qxc7 20.Nxc7 a5 21.Nc3 Be7 22.Rxd8+ Rxd8
23.Rd1 Rxd1+ 24.Nxd1 Bd7 25.Ne3 Bd6 26.Ncd5 Bb5 27.a4 Ba6 28.Nb6 c3 29.b3 Bc5
30.Nbc4 Bxe3 31.Nxe3 f6 32.Ka2 Kf7 33.b4 axb4 34.Kb3 Ke6 35.Kxb4 Kd6 36.Nf5+ Kc6
37.Nxg7 Bf1 38.Nh5 Bxg2 39.Nxf6 Bxf3 40.Kxc3 Kc5 41.Nxh7 Bxe4 42.Nf6 Bf5
43.h4 Kd6 44.a5 Bc8 45.Ne4+ Ke6 46.a6 Kd5 47.a7 Bb7 48.h5  1-0

[Event "Oz.com qualifier blitz"]
[Site "Internet ICC"]
[Date "2000.03.05"]
[Round "4"]
[White "Thorhallsson,T"]
[Black "Shipov,S"]
[Result "1-0"]
[WhiteElo "2489"]
[BlackElo "2640"]

1.e4 c5 2.Nf3 d6 3.d4 cxd4 4.Nxd4 Nf6 5.Nc3 a6 6.f3 e6 7.Be3 b5 8.Qd2 Nbd7
9.g4 Nb6 10.g5 Nfd7 11.O-O-O Bb7 12.Bd3 Rc8 13.Kb1 Ne5 14.Qe2 Rxc3 15.bxc3 Qc7
16.f4 Nec4 17.Bxc4 Nxc4 18.Bc1 Be7 19.Rhf1 Nb6 20.f5 Na4 21.Bb2 e5 22.Nb3 Bxg5
23.Rg1 Bf6 24.Rg3 O-O 25.Rdg1 Kh8 26.Rh3 h6 27.Qe3 Kh7 28.Bc1 Rh8 29.Qxh6+  1-0